[Event "Titled Tue 17th Jun Late"]
[Site "chess.com INT"]
[Date "2025.06.17"]
[Round "7"]
[White "Calvo Gonzalez, Jose Felix"]
[Black "Kostov, Deyan Samuil"]
[Result "0-1"]
[WhiteTitle "CM"]
[BlackTitle "FM"]
[WhiteElo "2168"]
[BlackElo "2352"]
[WhiteFideId "54505615"]
[BlackFideId "30909015"]
[EventDate "2025.06.17"]

1. e4 c5 2. Nf3 d6 3. d4 Nf6 4. Nc3 cxd4 5. Nxd4 Nc6 6. Bc4 e6 7. Bb3 Be7 8. O-O
a6 9. Be3 Qc7 10. f4 O-O 11. f5 Nxd4 12. Bxd4 e5 13. Be3 b5 14. Bg5 Bb7 15. Bxf6
Bxf6 16. Bd5 b4 17. Bxb7 bxc3 18. Bxa8 cxb2 19. Rb1 Qb6+ 20. Kh1 Rxa8 21. Qd3 h6
22. Qb3 Qd4 23. Rfe1 Rc8 24. Qxb2 Qf2 25. c4 Qxb2 26. Rxb2 Rxc4 27. Rb6 Ra4 28.
Re2 Be7 29. g3 a5 30. Kg2 Rd4 31. Rb5 a4 32. Ra5 Bg5 33. h4 Bf6 34. Rd5 Rb4 35.
Rxd6 h5 36. Ra6 Be7 37. a3 Rc4 38. Re3 Bc5 39. Rc6 Rc1 40. Re2 Rg1+ 41. Kh2 Bd4
42. Rc8+ Kh7 43. Rc4 Ra1 44. Rxa4 g6 45. fxg6+ Kxg6 46. Ra6+ f6 47. a4 Bc3 48.
Ra8 f5 49. Ra6+ Kf7 50. exf5 Bd4 51. f6 Ra3 52. Rc2 Bc3 53. Rc6 Bd4 54. Rc7+
Kxf6 55. R2c4 Kf5 56. R7c6 Ke4 57. Kg2 Ra2+ 0-1

[Event "Titled Tue 17th Jun Late"]
[Site "chess.com INT"]
[Date "2025.06.17"]
[Round "7"]
[White "Gkavardinas, Antonios"]
[Black "Dubnevych, Maksym"]
[Result "0-1"]
[WhiteTitle "FM"]
[BlackTitle "FM"]
[WhiteElo "2278"]
[BlackElo "2296"]
[WhiteFideId "25883097"]
[BlackFideId "14184001"]
[EventDate "2025.06.17"]

1. e4 e5 2. Nf3 Nc6 3. Bc4 Nf6 4. d3 Be7 5. Bg5 O-O 6. Nc3 d6 7. O-O Be6 8. Bxe6
fxe6 9. Bxf6 Bxf6 10. a4 Qe8 11. a5 a6 12. Kh1 Qh5 13. Ne2 Bh4 14. Ng3 Qh6 15.
c3 Rf4 16. Qe2 Raf8 17. b4 Bd8 18. Rab1 g5 19. Ne1 g4 20. Nc2 Bh4 21. Ne3 Qg6
22. Kg1 Na7 23. Qd2 h5 24. d4 Bxg3 25. fxg3 Rxf1+ 26. Rxf1 Qxe4 27. Rxf8+ Kxf8
28. dxe5 d5 29. Qf2+ Ke8 30. h3 Nc6 31. hxg4 hxg4 32. Qf4 Nxe5 33. Qxe4 dxe4 34.
Kf2 Kd7 35. Ke2 Kd6 36. Nc2 Nc4 37. Nd4 Kd5 38. Nb3 b6 39. axb6 cxb6 40. Nd4 a5
41. bxa5 bxa5 42. Nb5 a4 43. Nc7+ Ke5 44. Nb5 a3 45. Nd4 Kd5 46. Nc2 Kc5 47. Kf2
a2 48. Ke2 Kb5 49. Kd1 Ka4 50. Kc1 Kb3 51. Na1+ Kxc3 52. Nc2 e3 53. Nxe3 a1=Q# 0-1

[Event "Titled Tue 17th Jun Late"]
[Site "chess.com INT"]
[Date "2025.06.17"]
[Round "7"]
[White "Winkels, Marcel"]
[Black "Kjaergaard-Jensen, Jesper"]
[Result "0-1"]
[WhiteTitle "CM"]
[BlackTitle "CM"]
[WhiteElo "1905"]
[BlackElo "2081"]
[WhiteFideId "1003887"]
[BlackFideId "1406990"]
[EventDate "2025.06.17"]

1. e4 Nf6 2. e5 Nd5 3. d4 d6 4. Nf3 Bg4 5. Be2 e6 6. O-O Be7 7. c4 Nb6 8. Nc3
O-O 9. Be3 Nc6 10. exd6 cxd6 11. d5 Bxf3 12. Bxf3 Ne5 13. dxe6 fxe6 14. Bg4 Nxg4
15. Qxg4 Rf6 16. Rad1 Rg6 17. Qe4 Nd7 18. Nb5 Qf8 19. Bxa7 Ne5 20. f4 Nf7 21.
Bd4 Rxa2 22. Na3 d5 23. cxd5 Bxa3 24. bxa3 exd5 25. Qxd5 Rgxg2+ 26. Kh1 Rxh2+
27. Kg1 Rag2+ 28. Qxg2 Rxg2+ 29. Kxg2 Qxa3 30. Be5 g5 31. Bb8 g4 32. f5 Qh3+ 33.
Kg1 g3 34. Rd2 Kg7 35. f6+ Kg6 36. Rg2 Qc8 37. Rxg3+ Kh5 38. Rf5+ Kh4 39. Rf4+
Kh5 40. Rf2 Ng5 41. Rh2+ Kg6 42. Rhg2 Qxb8 43. Rxg5+ Kxf6 44. Rg8 Qe5 45. Rf8+
Ke7 46. Rff2 Qa1+ 47. Kh2 b5 48. Re2+ Kd6 49. Rd2+ Kc5 50. Rc2+ Kb6 51. Rgd2
Qe5+ 52. Kg2 b4 53. Rb2 Kb5 54. Rb3 Ka4 55. Rdb2 Qd5+ 56. Kg3 Qxb3+ 57. Rxb3
Kxb3 58. Kf4 Kc2 59. Kg5 b3 60. Kf6 b2 61. Kg7 b1=Q 62. Kxh7 Qb6 0-1

[Event "Titled Tue 17th Jun Late"]
[Site "chess.com INT"]
[Date "2025.06.17"]
[Round "7"]
[White "Rees, Ioan"]
[Black "Mecit, Emre"]
[Result "1/2-1/2"]
[WhiteTitle "FM"]
[WhiteElo "2280"]
[BlackElo "2007"]
[WhiteFideId "1801236"]
[BlackFideId "6304214"]
[EventDate "2025.06.17"]

1. Nf3 Nf6 2. g3 g6 3. b3 Bg7 4. Bb2 O-O 5. Bg2 c5 6. c4 Nc6 7. O-O d6 8. d3 Rb8
9. Nc3 a6 10. Nd2 Qc7 11. a3 b5 12. Nd5 Nxd5 13. cxd5 Ne5 14. Rc1 Qb6 15. Rc2
Bf5 16. Qa1 f6 17. h3 Rfc8 18. f4 Nf7 19. e4 Bd7 20. Kh2 Qd8 21. Rfc1 Qf8 22. b4
cxb4 23. axb4 Rxc2 24. Rxc2 Rc8 25. Bc3 Ra8 26. Ra2 f5 27. e5 e6 28. dxe6 Bxe6
29. Rxa6 Rxa6 30. Qxa6 Qc8 31. Qxc8+ Bxc8 32. d4 Kf8 33. Bc6 Ba6 34. Nb1 Nd8 35.
Bd5 Ke7 36. Nd2 Bb7 37. Bg8 h6 38. Nb3 Ne6 39. Na5 Bd5 40. Kg1 Nxf4 41. gxf4
Bxg8 42. Nb7 dxe5 43. dxe5 Bd5 44. Nd6 g5 45. Nxf5+ Kf8 46. fxg5 hxg5 47. Nd6
Ke7 48. Nxb5 Be6 49. Nd6 Bxh3 50. b5 Bd7 51. b6 Bc6 52. b7 Bxb7 53. Nxb7 Ke6 54.
Nc5+ Kd5 55. e6 Bf8 56. Nd7 Bd6 57. Bd2 Kxe6 58. Nb6 Bf4 59. Be1 Kf5 60. Kg2 Be3
61. Nc4 Bf4 62. Nd2 Bxd2 63. Bxd2 g4 64. Be1 Ke6 65. Bg3 Kd5 66. Bf4 Kc6 67. Kg3
Kb5 68. Kxg4 1/2-1/2

[Event "Titled Tue 17th Jun Late"]
[Site "chess.com INT"]
[Date "2025.06.17"]
[Round "7"]
[White "Roebers, Eline"]
[Black "Mizzi, Jack"]
[Result "1/2-1/2"]
[WhiteTitle "IM"]
[BlackTitle "CM"]
[WhiteElo "2356"]
[BlackElo "2107"]
[WhiteFideId "1058401"]
[BlackFideId "5602521"]
[EventDate "2025.06.17"]

1. e4 e5 2. Nc3 Nf6 3. d4 exd4 4. Qxd4 Nc6 5. Qd3 Bb4 6. Bd2 d6 7. O-O-O Be6 8.
Nge2 Qe7 9. Nd5 Bxd2+ 10. Rxd2 Bxd5 11. exd5 Ne5 12. Qb5+ c6 13. dxc6 bxc6 14.
Qa4 O-O 15. Nc3 Neg4 16. Qxc6 Qe1+ 17. Nd1 Rac8 18. Qf3 Nxh2 19. Rxh2 Qxf1 20.
g4 Qc4 21. g5 Qxa2 22. Rd3 Qa1+ 23. Kd2 Qa5+ 24. c3 Qxg5+ 25. Ne3 Qb5 26. Kc2
Qa4+ 27. Kb1 Rb8 28. Nf5 Qb5 29. Rd2 Rfe8 30. Rh1 Qe5 31. Nxd6 Red8 32. Nc4 Qe4+
33. Qxe4 Nxe4 34. Rxd8+ Rxd8 35. f3 Nd2+ 36. Nxd2 Rxd2 37. c4 Rd3 38. c5 Rd7 39.
c6 Rc7 40. Rc1 h5 41. b4 h4 42. b5 g5 43. Rd1 Kg7 44. Rd7 Rc8 45. Rxa7 h3 46.
Ra2 Rb8 47. Rb2 h2 48. Rxh2 Rxb5+ 49. Kc1 Rb8 50. Rc2 Rc8 51. Kd2 Kf6 52. Ke3
Ke5 53. Rc5+ Kd6 54. Rxg5 Rxc6 55. Rf5 Ke6 56. Ra5 Rc3+ 57. Kf4 Rb3 58. Kg4 Kf6
59. f4 Kg6 60. Ra6+ f6 61. f5+ Kg7 62. Ra7+ Kf8 63. Kh5 Rg3 64. Kh6 Rg5 65. Ra5
Kf7 66. Rd5 Kf8 67. Kh7 Kf7 68. Kh6 Kf8 69. Rc5 Kf7 70. Rd5 1/2-1/2

[Event "Titled Tue 17th Jun Late"]
[Site "chess.com INT"]
[Date "2025.06.17"]
[Round "7"]
[White "Watanabe, Akira"]
[Black "Gomez Gonzales, Fabiana"]
[Result "0-1"]
[WhiteTitle "FM"]
[BlackTitle "WCM"]
[WhiteElo "2284"]
[BlackElo "1796"]
[WhiteFideId "7000227"]
[BlackFideId "3860191"]
[EventDate "2025.06.17"]

1. d4 Nf6 2. c4 e6 3. Nc3 Bb4 4. e3 b6 5. Ne2 Bb7 6. a3 Bxc3+ 7. Nxc3 O-O 8. f3
d5 9. cxd5 exd5 10. Bd3 Re8 11. O-O c5 12. Qc2 Nc6 13. dxc5 bxc5 14. Na4 c4 15.
Be2 Rc8 16. Nc5 Qb6 17. Nxb7 Qxb7 18. Rd1 Rcd8 19. Bf1 Qb6 20. Rb1 d4 21. e4 Ne5
22. Qf2 d3 23. Be3 Qb3 24. h3 h6 25. Bd4 Nfd7 26. Bc3 Ra8 27. f4 Nc6 28. e5 Qb6
29. g4 Qxf2+ 30. Kxf2 Nb6 31. Bg2 Rac8 32. Bd2 Ne7 33. Be3 Ned5 34. Bd4 Red8 35.
Rbc1 Nxf4 36. Bxb6 axb6 37. Bf1 Rd5 38. Ke3 Ng6 39. e6 fxe6 40. Bg2 Rd6 41. Be4
Ne7 42. b3 Nd5+ 43. Kf3 Rf8+ 44. Kg3 cxb3 45. Rd2 b2 46. Rxb2 Nf6 47. Bf3 e5 48.
Re1 Re8 49. Rd2 e4 50. Bd1 e3 51. Rb2 e2 52. Bxe2 dxe2 53. Rbxe2 Rd3+ 54. Kg2
Rxe2+ 55. Rxe2 Rxa3 56. Rb2 Ra6 57. Kf3 Kf7 0-1

[Event "Titled Tue 17th Jun Late"]
[Site "chess.com INT"]
[Date "2025.06.17"]
[Round "7"]
[White "Fathy, Elameir"]
[Black "Bogaudinov, Rushan"]
[Result "1-0"]
[WhiteTitle "FM"]
[BlackTitle "FM"]
[WhiteElo "2300"]
[BlackElo "1912"]
[WhiteFideId "10600396"]
[BlackFideId "4129288"]
[EventDate "2025.06.17"]

1. d4 Nf6 2. Nf3 g6 3. g3 Bg7 4. Bg2 O-O 5. O-O d5 6. Nbd2 c5 7. dxc5 Nc6 8. a3
a5 9. Rb1 e5 10. b4 axb4 11. axb4 e4 12. Ne1 h5 13. c3 h4 14. Nb3 h3 15. Bh1 Ng4
16. Nd4 Nce5 17. f3 Nf6 18. Nec2 Ra2 19. Bf4 Nc4 20. Ra1 Rxa1 21. Qxa1 Nh5 22.
fxe4 dxe4 23. Bxe4 Nxf4 24. Rxf4 Re8 25. Qa2 Ne5 26. Qd5 g5 27. Rf1 Qxd5 28.
Bxd5 Kf8 29. Ne3 Re7 30. Nef5 Bxf5 31. Rxf5 Rd7 32. e4 f6 33. c6 bxc6 34. Nxc6
Nxc6 35. Bxc6 Rd1+ 36. Rf1 Rd2 37. e5 Ke7 38. b5 fxe5 39. b6 Rb2 40. b7 e4 41.
c4 Bd4+ 42. Kh1 e3 43. Bf3 Ba7 44. Re1 Kd6 45. Bg4 Kc5 46. Bxh3 Kxc4 47. Bg4 Kd3
48. h4 gxh4 49. gxh4 Bb8 50. h5 Rh2+ 51. Kg1 Rh4 52. Bf3 Rf4 53. Kg2 Kd4 54.
Rd1+ Ke5 55. Rh1 Rb4 56. h6 Rb2+ 57. Kh3 Kf4 58. h7 Be5 59. Rf1 Kg5 60. Rg1+ Kf4
61. Rf1 Rf2 62. Rxf2 exf2 63. Kg2 Kg5 64. h8=Q 1-0

[Event "Titled Tue 17th Jun Late"]
[Site "chess.com INT"]
[Date "2025.06.17"]
[Round "7"]
[White "Frischmann, Rick"]
[Black "Alothman , Ali Layth Ahmed"]
[Result "0-1"]
[WhiteTitle "FM"]
[BlackTitle "FM"]
[WhiteElo "2355"]
[BlackElo "2179"]
[WhiteFideId "24660752"]
[BlackFideId "4801920"]
[EventDate "2025.06.17"]

1. e4 c5 2. Nf3 Nc6 3. Bb5 g6 4. Bxc6 dxc6 5. d3 Bg7 6. h3 Nf6 7. Nc3 Nd7 8. Be3
e5 9. Qd2 Qe7 10. O-O b6 11. Bh6 O-O 12. Nh2 Bxh6 13. Qxh6 f6 14. Ne2 a5 15. a4
Ra7 16. Qe3 Rd8 17. f4 exf4 18. Rxf4 Ne5 19. Raf1 Rf8 20. Nf3 Nxf3+ 21. R1xf3
Qe5 22. c3 Raf7 23. d4 cxd4 24. cxd4 Qe6 25. Rg3 Qc4 26. Rh4 Qxa4 27. Qh6 Qd1+
28. Kf2 Rg7 29. Qe3 f5 30. Rf3 fxe4 31. Rxf8+ Kxf8 32. Rxe4 Rf7+ 33. Kg3 Qe1+
34. Kh2 Bd7 35. Qh6+ Kg8 36. Ng3 Qf2 37. Qg5 Qf6 38. Qe3 Kg7 39. Re5 b5 40. Ne4
Qf4+ 41. Qxf4 Rxf4 42. Nc5 Bf5 43. g4 Bc8 44. Re8 Bxg4 45. Kg3 Rf3+ 46. Kxg4 Rf2
47. Re7+ Kf6 48. Rc7 h5+ 49. Kg3 Rxb2 50. Rxc6+ Kf5 51. Rc8 a4 52. Kf3 a3 53.
Ra8 b4 54. Nd3 Rb3 55. Ke2 Rc3 56. Nxb4 Rc4 57. Nd3 a2 58. Rxa2 Rxd4 59. Ke3 Rd8
60. Ra5+ Kf6 61. Nf4 Re8+ 62. Kf3 g5 0-1

[Event "Titled Tue 17th Jun Late"]
[Site "chess.com INT"]
[Date "2025.06.17"]
[Round "7"]
[White "Uyanga, Byambaa"]
[Black "Borges, Wagner da Silva"]
[Result "1-0"]
[WhiteTitle "WFM"]
[BlackTitle "CM"]
[WhiteElo "2006"]
[BlackElo "2062"]
[WhiteFideId "2054906"]
[BlackFideId "2100401"]
[EventDate "2025.06.17"]

1. e4 e5 2. Nf3 Nc6 3. Bc4 Nf6 4. Ng5 d5 5. exd5 Nd4 6. c3 b5 7. Bf1 Nxd5 8.
cxd4 Qxg5 9. Bxb5+ Bd7 10. Qe2 c6 11. Bc4 Bd6 12. Bxd5 cxd5 13. dxe5 Qxe5 14. d4
Qe6 15. Nc3 O-O 16. Qxe6 fxe6 17. O-O Rab8 18. Re1 Rfc8 19. Nd1 Bb4 20. Re3 Rc2
21. a3 Bd6 22. b4 Bf4 23. Rc3 Rxc3 24. Nxc3 Bxc1 25. Rxc1 Rc8 26. Ne2 Rxc1+ 27.
Nxc1 Kf7 28. Nd3 Bb5 29. Nc5 a6 30. f3 Kf6 31. Kf2 e5 32. Ke3 Bf1 33. g3 Bc4 34.
dxe5+ Kxe5 35. f4+ Kf5 36. a4 Kg4 37. Nd3 Kh3 38. Ne5 Bf1 39. Nf3 Bc4 40. Kd4 h6
41. f5 Kg2 42. Ne5 Bb3 43. b5 axb5 44. axb5 Ba4 45. b6 Kxh2 46. b7 Kxg3 47. b8=Q
Kh3 48. Qb4 Bd1 49. Nf3 Bxf3 50. Qc3 Kg2 51. Ke5 h5 52. Kf4 Be4 53. Qg3+ Kf1 54.
Qxg7 h4 55. f6 h3 56. Qh6 Kg2 57. Kg4 h2 58. Qd2+ Kg1 59. Qe1+ Kg2 60. Qe2+ Kg1
61. Qe1+ Kg2 62. f7 Bf3+ 63. Kf4 Bh5 64. f8=Q 1-0

[Event "Titled Tue 17th Jun Late"]
[Site "chess.com INT"]
[Date "2025.06.17"]
[Round "7"]
[White "Cupid, Kevin"]
[Black "Melillo, Lucius"]
[Result "1-0"]
[WhiteTitle "FM"]
[BlackTitle "FM"]
[WhiteElo "2189"]
[BlackElo "2170"]
[WhiteFideId "7700512"]
[BlackFideId "30958245"]
[EventDate "2025.06.17"]

1. d4 e6 2. c4 b6 3. Nf3 Bb7 4. Qc2 f5 5. Bg5 Nf6 6. Nc3 Bb4 7. e3 d6 8. Bd3
Nbd7 9. d5 Nc5 10. O-O Bxc3 11. bxc3 O-O 12. Nd4 Qe8 13. Bh4 g6 14. Nxe6 Nxe6
15. dxe6 Ne4 16. e7 Rf7 17. f3 Nc5 18. e4 f4 19. e5 dxe5 20. Rfe1 e4 21. Bxe4
Bxe4 22. Rxe4 Nxe4 23. Qxe4 h6 24. Re1 g5 25. Qxa8 Qxa8 26. e8=Q+ Qxe8 27. Rxe8+
Kg7 28. Bf2 Rd7 29. Bd4+ Kf7 30. Rh8 Kg6 31. c5 bxc5 32. Bxc5 Rd1+ 33. Kf2 Rd2+
34. Kf1 Rxa2 35. Rc8 Ra1+ 36. Kf2 Ra2+ 37. Kf1 Ra1+ 38. Ke2 Ra2+ 39. Kd3 Rxg2
40. Rxc7 Rxh2 41. Rxa7 h5 42. Ra6+ Kf5 43. Ra5 Rh3 44. Bf2+ Kg6 45. Ke4 Rh2 46.
Ra6+ Kf7 47. Bd4 h4 48. Kf5 Rg2 49. Ra7+ Ke8 50. Rh7 Rg3 51. Ke4 h3 52. Bf6 Kf8
53. Be5 Kg8 54. Rg7+ Kf8 55. Rh7 Kg8 56. Rh6 Kf7 57. c4 Rg1 58. c5 Re1+ 59. Kf5
Rc1 60. Bd6 Rc3 61. Kg4 h2 62. Rxh2 Ke6 63. Rh6+ Kd5 64. Rg6 Rc1 65. Rxg5+ Kc6
66. Kxf4 Rc4+ 67. Kf5 Ra4 68. f4 Ra8 69. Ke5 Ra7 70. f5 Ra1 71. Kf6 Rb1 72. Rg4
Rg1 73. Rxg1 1-0

[Event "Titled Tue 17th Jun Late"]
[Site "chess.com INT"]
[Date "2025.06.17"]
[Round "7"]
[White "Ambartsumian, Tyhran"]
[Black "Nurgaliyeva, Zarina"]
[Result "0-1"]
[WhiteTitle "CM"]
[BlackTitle "WFM"]
[WhiteElo "2244"]
[BlackElo "2252"]
[WhiteFideId "34161112"]
[BlackFideId "13730096"]
[EventDate "2025.06.17"]

1. e4 e5 2. Nf3 Nc6 3. d4 exd4 4. Nxd4 Qf6 5. Nf3 Bb4+ 6. c3 Bc5 7. Nbd2 Nge7 8.
Bd3 O-O 9. O-O d6 10. b4 Bb6 11. a4 a6 12. Bb2 Bg4 13. h3 Bxf3 14. Qxf3 Qxf3 15.
Nxf3 Ng6 16. g3 a5 17. b5 Nce5 18. Nxe5 Nxe5 19. Be2 Rfe8 20. Rfe1 Re7 21. Kg2
Rae8 22. Ba3 Nd7 23. Bc4 Bc5 24. Bd5 Bxa3 25. Rxa3 Nc5 26. c4 Kf8 27. Rae3 f6
28. h4 Rc8 29. e5 dxe5 30. h5 Rd7 31. f4 c6 32. Bf3 exf4 33. gxf4 Nd3 34. Rf1
Nxf4+ 35. Kg3 Nd3 36. Bg4 Rcd8 37. Bxd7 Rxd7 38. h6 Nc5 39. hxg7+ Kxg7 40. bxc6
bxc6 41. Rf5 Nxa4 42. Rxa5 Nb2 43. Rc5 Rd4 44. Rc3 Na4 45. Rxc6 Nxc3 46. Kf3
Rd3+ 47. Kf4 Kg6 48. Rc8 Ne2+ 49. Ke4 Rc3 50. c5 f5+ 51. Ke5 f4 52. c6 f3 53.
Rf8 Rxc6 54. Rxf3 h5 55. Rf2 Rc8 56. Ke4 Re8+ 57. Kf3 Nd4+ 58. Kg2 Kg5 59. Kh1
Nf5 60. Rg2+ Kh6 61. Rf2 Kg6 62. Kg2 h4 63. Ra2 Re3 64. Kh2 Kg5 65. Ra8 Kf4 66.
Ra4+ Kg5 67. Ra8 Nh6 68. Ra5+ Kf4 69. Ra4+ Re4 70. Ra8 Nf5 71. Ra5 Re2+ 72. Kh3
Re3+ 73. Kh2 Nd4 74. Ra8 Nf3+ 75. Kg2 Ng5 76. Ra4+ Ne4 77. Ra8 Kg4 78. Rg8+ Ng5
79. Ra8 Re2+ 80. Kf1 Rb2 81. Ra4+ Kg3 82. Ra3+ Nf3 83. Rb3 Rf2# 0-1

[Event "Titled Tue 17th Jun Late"]
[Site "chess.com INT"]
[Date "2025.06.17"]
[Round "7"]
[White "Zou, Chen"]
[Black "Sargsyan, Shant"]
[Result "1-0"]
[WhiteTitle "IM"]
[BlackTitle "GM"]
[WhiteElo "2443"]
[BlackElo "2669"]
[WhiteFideId "8610959"]
[BlackFideId "13306766"]
[EventDate "2025.06.17"]

1. d4 g6 2. e4 Nf6 3. Bd3 d5 4. exd5 Nxd5 5. Nf3 Bg7 6. O-O O-O 7. c3 b6 8. Re1
Bb7 9. h3 Nd7 10. Nbd2 c5 11. Ne4 cxd4 12. Nxd4 a6 13. Bg5 h6 14. Bh4 Nf4 15.
Bf1 Nf6 16. Nxf6+ Bxf6 17. Bxf6 exf6 18. Qd2 Qd6 19. Rad1 Rad8 20. Qe3 h5 21.
Qe7 Qb8 22. Qxf6 Nd5 23. Qg5 Rfe8 24. Nf5 Qf4 25. Ne7+ Kf8 26. Nxg6+ fxg6 27.
Rxd5 Qxg5 28. Rxe8+ Kxe8 29. Rxg5 Kf7 30. Rg3 Be4 31. Re3 Bf5 32. Bxa6 Rd1+ 33.
Kh2 h4 34. Re2 Kf6 35. Bb5 g5 36. a4 Ra1 37. b4 Rc1 38. c4 Bd3 39. Rd2 Rc3 40.
a5 bxa5 41. bxa5 Ra3 42. a6 Ke5 43. Rb2 Kd4 44. c5 Bxb5 45. Rxb5 Rxa6 46. c6
Rxc6 47. Rxg5 Rc2 48. Rg4+ Kd3 49. f3 Ke2 50. Rxh4 Kf2 51. Rg4 Rc5 52. h4 Ra5
53. Rg5 Ra4 54. Kh3 Ra8 55. h5 Rb8 56. Rg4 Rb1 57. Kh4 Ke3 58. h6 Kf2 59. Kg5
Rb5+ 60. Kg6 Rb6+ 61. Kh5 Rb5+ 62. Rg5 Rb8 63. h7 Rb1 64. Kg6 Rb6+ 65. Kg7 Rb8
66. Kh6 Rb7 67. h8=Q Rb1 68. Kg6 Rb6+ 69. Qf6 Kg1 70. Qxb6+ Kh2 71. Qf2 Kh1 72.
Rh5# 1-0

[Event "Titled Tue 17th Jun Late"]
[Site "chess.com INT"]
[Date "2025.06.17"]
[Round "7"]
[White "Ali, Sebbar"]
[Black "Baturin-Vinogradov, Miroslav"]
[Result "1-0"]
[WhiteTitle "IM"]
[BlackTitle "CM"]
[WhiteElo "2400"]
[BlackElo "2046"]
[WhiteFideId "8100977"]
[BlackFideId "55745741"]
[EventDate "2025.06.17"]

1. e4 e5 2. Nf3 Nc6 3. d4 exd4 4. Nxd4 Bc5 5. Be3 Qf6 6. c3 Nge7 7. g3 b6 8. Bg2
Bb7 9. O-O O-O-O 10. b4 Bxd4 11. cxd4 d5 12. e5 Qe6 13. b5 Na5 14. Nd2 Nf5 15.
Rc1 Rhe8 16. Bh3 g6 17. Rc3 Kb8 18. Qa4 Nxd4 19. Bxe6 Ne2+ 20. Kg2 Nxc3 21. Qc2
fxe6 22. Bg5 Rd7 23. a4 d4+ 24. f3 Rc8 25. Nb3 Nxb3 26. Qxb3 Bd5 27. Qb4 c5 28.
bxc6 Rxc6 29. Kh3 Ne2 30. Qd2 Bxf3 31. Rxf3 Ng1+ 32. Kg2 Nxf3 33. Kxf3 d3 34.
Qb4 Rc5 35. Bd2 Kb7 36. Qe4+ Ka6 37. h4 Rdd5 38. Kg2 Rc2 39. Qe3 Rc4 40. Kh3
Rxa4 41. Qh6 Rd7 42. Qf8 Rad4 43. Qa3+ Kb7 44. Qa1 R4d5 45. Qh1 a5 46. Qe4 Ka6
47. Qc4+ Kb7 48. Qe4 b5 49. h5 gxh5 50. Bxa5 Ka6 51. Bd2 Kb6 52. Qb4 Rd4 53.
Qa5+ Kc5 54. Qa6 Kd5 55. Qxb5+ Ke4 56. Qc6+ Kxe5 57. Qf3 Kd6 58. Qxh5 Rd5 59.
Qf3 Kc6 60. Qf8 e5 61. Qc8+ Kd6 62. Bb4+ Ke6 63. Qe8+ Kf5 64. Qf7+ Ke4 65. Bd2
Kd4 66. Qf2+ Kc4 67. Qe3 Rc5 68. Qe4+ Rd4 69. Qa8 Rdd5 70. Qa2+ Kd4 71. Qa4+ Rc4
72. Qa7+ Ke4 73. Qe3+ Kf5 74. Qg5+ Ke6 75. Qh6+ Kd7 76. Qxh7+ Kc6 77. Qg6+ Rd6
78. Qf7 Rc5 79. Qb3 Rc2 80. Qb4 Rd4 81. Qa5 e4 82. Qa6+ Kd5 83. Qb7+ Kc4 84.
Qc6+ Kb3 85. Qb5+ Ka2 86. Be3 d2 87. Qa5+ Kb1 88. Qb4+ Rb2 89. Qxd4 1-0

[Event "Titled Tue 17th Jun Late"]
[Site "chess.com INT"]
[Date "2025.06.17"]
[Round "7"]
[White "Makaraci, Tunahan"]
[Black "Anhwere, Bernard"]
[Result "1-0"]
[WhiteTitle "FM"]
[BlackTitle "CM"]
[WhiteElo "2233"]
[BlackElo "1906"]
[WhiteFideId "6356559"]
[BlackFideId "12600580"]
[EventDate "2025.06.17"]

1. e4 c5 2. Nf3 d6 3. c3 Nf6 4. Be2 g6 5. O-O Bg7 6. Bb5+ Bd7 7. Bxd7+ Nbxd7 8.
Re1 O-O 9. d4 cxd4 10. cxd4 a6 11. Nc3 Nb6 12. h3 Rc8 13. Qb3 Qc7 14. Bg5 Nbd7
15. Rac1 Qb6 16. Qxb6 Nxb6 17. e5 Nfd5 18. Nxd5 Nxd5 19. exd6 exd6 20. Rxc8 Rxc8
21. Be7 Nxe7 22. Rxe7 b5 23. Ra7 Rc1+ 24. Kh2 Rc2 25. Kg3 Rxb2 26. Rxa6 Bf8 27.
a4 b4 28. Rb6 d5 29. a5 Ra2 30. a6 b3 31. Rxb3 Rxa6 32. Rb8 Kg7 33. Ne5 Bd6 34.
Rb7 Bxe5+ 35. dxe5 Re6 36. f4 g5 37. Rd7 gxf4+ 38. Kxf4 Rg6 39. g4 Rh6 40. Kg3
Re6 41. Rxd5 f6 42. exf6+ Rxf6 43. Rf5 Rc6 44. Rf3 h6 45. h4 Kg6 46. Ra3 Rd6 47.
h5+ Kf6 48. Ra4 Rd3+ 49. Kf4 Rd6 50. Rb4 Rc6 51. Rd4 Rb6 52. Rd8 Rb4+ 53. Kg3
Kg7 54. Rd7+ Kg8 55. Kh4 Kh8 56. Rd6 Kg7 57. Rg6+ Kh7 58. Ra6 Kg7 59. Rd6 Kh7
60. Kg3 Kg7 61. Re6 Rb3+ 62. Kf4 Rb4+ 63. Re4 Rb5 64. Re5 Rb4+ 65. Kf5 Rb1 66.
Re7+ Kf8 67. Ra7 Rb5+ 68. Kg6 Rb6+ 69. Kh7 Ke8 70. Rg7 Kd8 71. Rg6 Rb4 72. Kxh6
Ke7 73. Kg7 Rb8 74. h6 Rb7 75. h7 Ke8+ 76. Kg8 1-0

[Event "Titled Tue 17th Jun Late"]
[Site "chess.com INT"]
[Date "2025.06.17"]
[Round "7"]
[White "Holt, Conrad"]
[Black "Maghsoodloo, Parham"]
[Result "1/2-1/2"]
[WhiteTitle "GM"]
[BlackTitle "GM"]
[WhiteElo "2540"]
[BlackElo "2691"]
[WhiteFideId "2034387"]
[BlackFideId "12539929"]
[EventDate "2025.06.17"]

1. d4 Nf6 2. c4 e6 3. Nc3 Bb4 4. Qc2 d5 5. cxd5 exd5 6. Bg5 h6 7. Bxf6 Qxf6 8.
a3 Bxc3+ 9. Qxc3 c6 10. e3 O-O 11. Ne2 Bf5 12. Ng3 Bg6 13. Be2 Nd7 14. O-O Rfe8
15. b4 a6 16. a4 Rac8 17. Bg4 Rc7 18. b5 axb5 19. axb5 Qd6 20. Rfc1 Nf6 21. b6
Rce7 22. Bf5 h5 23. Bxg6 fxg6 24. Qd3 h4 25. Nf1 Kh7 26. h3 Qd8 27. Rcb1 Ne4 28.
Nh2 Rf8 29. Ng4 Qd6 30. Ra7 Ref7 31. Rb2 c5 32. Qa3 cxd4 33. Qxd6 Nxd6 34. exd4
Nc4 35. Rb5 Re8 36. Ra1 Rd7 37. Kh2 Re6 38. Rc1 g5 39. Ne5 Nxe5 40. dxe5 Rxe5
41. Rc7 Ree7 42. Rxd5 Rxc7 43. bxc7 Rxc7 44. Rxg5 Kh6 45. Rb5 g5 46. g3 Rf7 47.
Kg2 hxg3 48. Kxg3 Kg6 49. f3 Kh6 50. Rb6+ Kh5 51. Rb4 Kg6 52. Kg4 Rf6 53. Rxb7
Rf4+ 54. Kg3 Kh5 55. Rb6 Rf5 56. Rb4 Kg6 57. Kg4 Rf6 58. Rc4 Kh6 59. Re4 Kg6 60.
Ra4 Kh6 61. Ra8 Rf4+ 62. Kg3 Kg6 63. Rg8+ Kh6 64. Re8 Kg6 65. Re4 Rf6 66. Kg4
Kh6 67. Kg3 Kg6 68. h4 gxh4+ 69. Rxh4 Kg5 70. Rg4+ Kh5 71. Kf2 Re6 72. Rg8 Re7
73. f4 Kh6 74. Kf3 Rg7 75. Rf8 Kg6 76. Re8 Rf7 77. Re6+ Kf5 78. Re5+ Kf6 79. Kg4
Ra7 80. Rh5 Kg6 81. Rb5 Ra6 82. Re5 Kf6 83. Rh5 Kg6 84. f5+ Kg7 85. Kg5 Ra1 86.
f6+ Kg8 87. Kg6 Rg1+ 88. Rg5 Rxg5+ 89. Kxg5 Kf7 90. Kh5 Kxf6 1/2-1/2

[Event "Titled Tue 17th Jun Late"]
[Site "chess.com INT"]
[Date "2025.06.17"]
[Round "7"]
[White "Leiva, Gianmarco"]
[Black "Svane, Rasmus"]
[Result "0-1"]
[WhiteTitle "IM"]
[BlackTitle "GM"]
[WhiteElo "2387"]
[BlackElo "2626"]
[WhiteFideId "3804399"]
[BlackFideId "4657101"]
[EventDate "2025.06.17"]

1. e4 c6 2. d4 d5 3. exd5 cxd5 4. Bd3 Nc6 5. c3 Nf6 6. h3 g6 7. Nf3 Bf5 8. O-O
e6 9. Bf4 Bxd3 10. Qxd3 Bd6 11. Bxd6 Qxd6 12. Nbd2 O-O 13. a4 Nd7 14. a5 b6 15.
a6 Rac8 16. b4 Ne7 17. Nb1 Qc6 18. Rc1 Nf5 19. Na3 Nd6 20. b5 Qc7 21. Nd2 Nf6
22. c4 dxc4 23. Ndxc4 Nd5 24. Nxd6 Qxd6 25. Nc4 Qf4 26. Ne3 Rcd8 27. Ng4 Nf6 28.
Qe3 Rxd4 29. Qxf4 Rxf4 30. Rc7 Nxg4 31. Rxa7 Nf6 32. Rb7 Kg7 33. a7 Ra8 34. Rb8
Rxa7 35. Rxa7 Nd5 36. Rbb7 g5 37. g3 Rf5 38. Kg2 h5 39. Ra8 h4 40. gxh4 gxh4 41.
Ra4 Rh5 42. Rg4+ Kf6 43. Kf3 Rf5+ 44. Kg2 Rh5 45. Rg8 Nf4+ 46. Kf3 Nd5 47. Rf8
Rf5+ 48. Kg2 Kg7 49. Rd8 Nf4+ 50. Kh2 Rxb5 51. Rd4 Ng6 52. Rg4 Rf5 53. Kg2 Rb5
54. Re4 Rb3 55. Kf1 Kf6 56. Kg2 Kf5 57. Rc4 f6 58. Rc2 Nf4+ 59. Kh2 Nxh3 60. Rd2
Nf4 61. Ra7 Rh3+ 62. Kg1 Rb3 63. Ra4 b5 64. Rad4 e5 65. Rd8 Ne6 66. Rh8 Nd4 67.
Kg2 Nf3 68. Rdd8 b4 69. Rdg8 Rc3 70. Rh5+ Ke6 71. Rb8 Kf7 72. Rxb4 Kg6 73. Rh8
Kf5 74. Rh5+ Kg6 75. Rh8 f5 76. Rg8+ Kf6 77. Rf8+ Kg5 78. Rb7 Kf4 79. Rbf7 h3+
80. Kf1 Rc1+ 81. Ke2 Re1+ 82. Kd3 e4+ 83. Kc3 Rc1+ 84. Kb4 Nd4 85. Rd8 h2 86.
Rh8 Nc6+ 87. Kb5 h1=Q 88. Rxh1 Rxh1 89. Kxc6 Rf1 0-1